000 00696nas a2200241 4500
001 BR9502455
003 BR-BrBNA
005 20231205094325.0
007 ta
008 230509b bl.|||p| |||| 00| 00por d
040 _aBR-BrBNA
_bpor
_cBiblioteca Nacional de Agricultura
041 _a(Pt)
072 _aF30
100 1 _aKoch, P.S.
100 1 _aCosta, C.P. da
245 1 _aHeranca de caracteres de planta e fruto em maxixe
650 _aMaxixe
650 _aFruto
650 _aCaracteristicas Agronomicas
773 0 _tHorticultura Brasileira (Brazil)
_xISSN 0102-0536
_g(Nov 1991), v. 9(2) p. 73-77
_wBR9502455
909 _a202311
_bLúcia
_c55
_dLúcia Elande
942 _2AGRIS
_n0
_cANA
999 _c143576
_d143576